Statistiques concernant Quiz sur l'Érythrée

Cliquez ici pour prendre le quiz!

Statistiques générales

  • Ce quiz a été pris 1 582 fois
  • Le résultat moyen est 11 sur 18

Statistiques - réponses

QuestionRéponse% Correct
Plus petit pays frontalier de l'ÉrythréeDjibouti
93%
Plus grand pays frontalier de l'ÉrythréeSoudan
92%
Pays asiatique situé à 38 kilomètres de l'ÉrythréeYémen
92%
Péninsule sur laquelle l'Érythrée est située{Corne} de l'Afrique
90%
Pays auquel l'Érythrée appartenait jusqu'en 1993Éthiopie
90%
Pays qui a administré l'Érythrée de 1941 à 1952Royaume-Uni
90%
Mer qui sépare ces deux paysMer Rouge
88%
Pays qui a colonisé l'Érythrée entre 1882 et 1941Italie
83%
Le Front populaire pour la démocratie et la justice
est officiellement le seul ____ légal du pays
Parti
81%
Capitale et plus grande villeAsmara
70%
Religion la plus pratiquéeOrthodoxie
56%
Surnom donné à celle-ci en raison de son architectureLa Petite {Rome}
43%
Traditionnellement, les plats érythréens sont servis sur
de l'injera, qui est une sorte de ____ à base de teff
Galette
36%
Animal qui figure sur l'emblème du paysDromadaire
30%
Érythrée est le nom donné à cette mer dans cette langueGrec
19%
Langue maternelle la plus répandueTigrigna
19%
Royaume antique qui recouvrait l'Érythrée de 100 à 940A{ksoum}
18%
Devise monétaireN{akfa}
17%

Distribution des résultats

Percentile par nombre de réponses

% des personnes avec chaque résultat

Votre développement - résultats

Vous n’avez pas pris ce quiz